[Event "HUN-chT2 Barcza 1516"]
[Site "Hungary"]
[Date "2016.02.28"]
[Round "8.11"]
[White "Molnar, Janos"]
[Black "Balo, Lajos"]
[Result "1-0"]
[WhiteElo "1942"]
[BlackElo "1633"]
[PlyCount "55"]
[EventDate "2015.09.13"]
[EventType "team-tourn"]
[EventRounds "11"]
[EventCountry "HUN"]
[SourceTitle "EXT 2017"]
[Source "ChessBase"]
[SourceDate "2016.10.25"]
[SourceVersion "1"]
[SourceVersionDate "2016.10.25"]
[SourceQuality "1"]
[WhiteTeam "Tiszavasvar"]
[BlackTeam "Kazincbarcika"]
[WhiteTeamCountry "HUN"]
[BlackTeamCountry "HUN"]

1. d4 d5 2. c4 c5 3. cxd5 Qxd5 4. e3 Nc6 5. Nc3 Qd8 6. d5 Ne5 7. Nf3 Bg4 8. Nxe5 Bxd1 9. Bb5+ Qd7 10. Nxd7 0-0-0 11. Nxc5 e6 12. Nxb7 Kxb7 13. Bc6+ Kb8 14. Kxd1 Bb4 15. Ke2 Ne7 16. a3 exd5 17. Ba4 Bd6 18. Rd1 Bc7 19. Nb5 Bb6 20. Nd4 Rc8 21. Bd2 Bxd4 22. exd4 Rc4 23. Bf4+ Kb7 24. Bb3 Rc6 25. Rac1 Rb6 26. Rc7+ Ka6 27. Rxe7 Rxb3 28. Rxf7 1-0